000 00959nam a2200277 a 4500
001 000006586
003 DO-SdBNP
005 20240723103759.0
008 090901s2001 dr 001 0 spa d
020 _a9993402222
040 _aDO-SdBNP
_bspa
_cBPMSU
082 4 _a100
_bR789f 2001
_222
100 1 _aRosario Jiménez, José,
_d1953-
245 1 3 _aLa filosofía en su diversidad :
_bcompendio de las principales corrientes filosóficas clásicas y contemporáneas /
_cJosé Rosario Jiménez.
260 _aSanto Domingo :
_bEditora Corripio,
_c2001.
300 _a254 p. :
_bil., retrs.
500 _aIncluye datos biográficos del autor en la contracubierta
504 _aBibliografía : p. 251- 254.
590 _aInventariado, 2024/VM
650 4 _aFilosofía
_xEnseñanza
650 4 _aFilosofía
_xHistoria
650 4 _aCategorías (filosofía)
650 4 _aFilosofía moderna
910 _aVMateo V.Control de calidad. BPMSU
942 _2ddc
_cBK
999 _c14744
_d14744